000 00759nam a2200253Ia 4500
003 OSt
005 20220930091917.0
006 a|||||r|||| 00| 0
007 ta
008 220926b |||||||| |||| 00| 0 eng d
024 _a10864
037 _cTheses
040 _aCRL
_cCRL
_beng
041 _2eng
_aeng
100 _aMalik Kalpana
_9547139
110 _aUniversity of Delhi. Faculty of Social Sciences. Department of History
245 0 _aMaratha rajput relations during the eighteenth century
260 _c2012
650 _aHISTORY
700 _a Thakran R C Gu.
_9547140
700 _aUniversity of Delhi. Faculty of Social Sciences. Department of History
942 _cDIS
_2CC
999 _c882868
_d882868